Score 0/106 Timer 10:00
0 Plays Today
Center country % Correct
RussiaPoland
96.9%
BrazilArgentina
96.9%
GermanyPoland
96.9%
GermanySwitzerland
96.7%
AustriaSwitzerland
96.7%
FranceSwitzerland
96.7%
ChinaMongolia
96.5%
RussiaMongolia
96.5%
FranceSpain
95.5%
GermanyBelgium
95%
FranceBelgium
95%
BrazilPeru
94.9%
BrazilUruguay
94.9%
BrazilParaguay
94.7%
BrazilColombia
94.3%
ChinaKazakhstan
94.2%
RussiaKazakhstan
94.2%
ChinaIndia
94%
AustriaItaly
93.8%
FranceItaly
93.8%
RussiaUkraine
93.5%
GermanyCzech Republic
93.5%
AustriaCzech Republic
93.5%
RussiaLatvia
93.3%
BrazilVenezuela
93.2%
GermanyLuxembourg
93%
FranceLuxembourg
93%
RussiaLithuania
92.8%
ChinaRussia
92.7%
AustriaGermany
92.6%
FranceGermany
92.6%
RussiaEstonia
92.5%
ChinaPakistan
92.1%
ChinaNorth Korea
92.1%
GermanyNetherlands
92.1%
AustriaHungary
92.1%
Center country % Correct
SerbiaHungary
92.1%
BrazilBolivia
92%
RussiaGeorgia
91.9%
TurkeyGeorgia
91.9%
ChinaNepal
91.7%
FranceAndorra
91.7%
GermanyFrance
91.2%
GermanyAustria
91.1%
BrazilSuriname
91%
AustriaSlovakia
90.9%
RussiaBelarus
90.6%
GermanyDenmark
90.6%
RussiaFinland
89.7%
ChinaVietnam
89.4%
RussiaAzerbaijan
89%
BrazilGuyana
89%
AustriaSlovenia
89%
TurkeyAzerbaijan
89%
ChinaLaos
88.9%
Dem Republic of CongoRepublic of the Congo
88.5%
TurkeyGreece
88.5%
SerbiaRomania
88.5%
AustriaLiechtenstein
88.3%
SerbiaCroatia
88.2%
RussiaNorway
88.1%
TurkeyBulgaria
87.6%
SerbiaBulgaria
87.6%
TanzaniaKenya
87.5%
ChinaTajikistan
87.3%
TurkeyArmenia
87.3%
FranceMonaco
86.7%
SerbiaMontenegro
86%
RussiaNorth Korea
85.6%
SerbiaBosnia and Herzegovina
85.6%
SerbiaMacedonia
85.5%
ChinaAfghanistan
85.2%
Center country % Correct
ChinaKyrgyzstan
85.1%
Dem Republic of CongoRwanda
84.9%
TanzaniaRwanda
84.9%
TurkeyIran
84.8%
SerbiaKosovo
84.6%
ChinaMyanmar
84.5%
Dem Republic of CongoUganda
84.5%
TanzaniaUganda
84.5%
ChinaBhutan
84.3%
Dem Republic of CongoCentral African Republic
83.8%
ZambiaZimbabwe
83.7%
TurkeyIraq
83.4%
Dem Republic of CongoAngola
82.1%
ZambiaAngola
82.1%
RussiaChina
81.6%
Dem Republic of CongoZambia
81.3%
TanzaniaZambia
81.3%
Dem Republic of CongoTanzania
80.8%
ZambiaTanzania
80.7%
TanzaniaMozambique
79.3%
ZambiaMozambique
79.2%
Dem Republic of CongoBurundi
77.9%
TanzaniaBurundi
77.9%
ZambiaNamibia
76.8%
TanzaniaDemocratic Republic of the Congo
76.7%
ZambiaDemocratic Republic of the Congo
76.6%
TurkeySyria
76.3%
Zambia(Botswana)
75.8%
TanzaniaMalawi
75.2%
ZambiaMalawi
75.1%
Dem Republic of CongoSouth Sudan
71.4%
BrazilFrance (French Guiana)
62%
FranceSuriname (French Guiana)
61.5%
FranceBrazil (French Guiana)
52.3%
Come Together.
Have Fun.
All Virtual.
We all need to come together. Play Sporcle's virtual live trivia to have fun, connect with people, and get your trivia on. Join a live hosted trivia game for your favorite pub trivia experience done virtually. If a virtual private party is more your thing, go here for details.

You're not logged in!

Compare scores with friends on all Sporcle quizzes.
OR
Log In

Sporcle TV

Today on Sporcle TV


Watch our educational content, quiz creation guides, and fun videos on Sporcle TV.

Show Comments

Extras

Top Quizzes Today


Score Distribution

Paid Content

Your Account Isn't Verified!

In order to create a playlist on Sporcle, you need to verify the email address you used during registration. Go to your Sporcle Settings to finish the process.

Report this User

Report this user for behavior that violates our Community Guidelines.

Details: